| 000 | 00544nam a2200181Ia 4500 | ||
|---|---|---|---|
| 999 |
_c23234 _d23234 |
||
| 003 | OSt | ||
| 005 | 20200515090755.0 | ||
| 008 | 190216s9999||||xx |||||||||||||| ||und|| | ||
| 020 | _a9781851683543 | ||
| 040 | _coclc | ||
| 082 |
_a297.12261 _bESA/Q |
||
| 100 |
_aEsack, Farid _92194 |
||
| 245 | 4 |
_aThe Quran A Users Guide / _cFarid Esack |
|
| 260 |
_bOneworld Oxford, _c2007. _aEngland: |
||
| 300 | _a214p | ||
| 650 | 0 |
_aHistory & geography _vIslamic History _92271 |
|
| 942 |
_cBK _2ddc _h297.12261 _iESA/Q _k297.12261 _mESA/Q |
||